• 首页
  • 本馆介绍
  • 公告通知
  • 最新文献
  • 馆藏检索
  • 电子资源
  • 读者导购
  • 参考咨询
  • 我的图书馆
  • 登录
  • 详细信息显示
  • 放入我的书架
  • 预约/预借图书
  • 作者相关作品
  • 分类相关作品
  • 丛书相关作品
  • 出版社相关作品

书目信息

  • 表格格式
  • 工作单格式
  • 卡片格式
题名:
微生物工程技术原理
    
 
作者: 程殿林 主编
分册:  
出版信息: 北京   化学工业出版社  2007
页数:
开本: 29cm
丛书名:
单 册:
中图分类: TQ93
科图分类:
主题词: 蛋白质--化学加工--化学工业
电子资源:
ISBN: 978-7-5025-9619-4
000 00553nam0 2200181 450
001 0754114953
005 20070929150154.95
010    @a978-7-5025-9619-4
100    @a20070929d km y0chiy0120 ea
101 0  @achi
200 1  @a微生物工程技术原理@Awei sheng wu gong cheng ji shu yuan li@f程殿林 主编@Fcheng dian lin zhu bian
210    @a北京@c化学工业出版社@d2007
215    @c插图@d29cm
606 0  @a蛋白质@x化学加工@x化学工业
690    @aTQ93@v3
701  0 @a程殿林@Acheng dian lin@4主编
801  0 @aCN@bPFT@c20070929
905    @a213230@dTQ93@eh221@f1
    
    微生物工程技术原理/程殿林 主编.-北京:化学工业出版社,2007
    插图;29cm
    
    
    ISBN 978-7-5025-9619-4:
    
●
相关链接 在E读中查询图书 在五车中查询图书 在当当中查询图书 在豆瓣中查询图书


正题名:微生物工程技术原理     索取号:TQ93/h221         预约/预借

序号 登录号 条形码 馆藏地/架位号 状态 备注
1 6002879   260028794   密集书库-化学系/ [索取号:TQ93/h221] 在馆    
唐山师范学院图书馆 欢迎您!
大连网信软件有限公司© 版权所有